00809nam a22001937a 4500003000900000005001700009008002800026040002500054100003400079245015900113260004000272300002300312500005700335590002900392700005200421942001400473952011100487999001700598DO-SdBNP20250120110508.0210809b 2019 dr 00| 0 eng d aDO-SdBNPbspacBNPHU1 aSantos, Rafael,d1968-94351010aNociones de políticas contemporáneas :bcomo se hace política en un país tercermundista /cRafael Santos ; prólogo: Jaime Francisco Rodríguez. aSanto Domingo :bSantuario, c2019. a145 p. ; c23 cm.  aIncluye datos biográficos del autor en las solapas aInventariado, 2021 /LP 1 aRodríguez, Jaime Francisco,eprólogo979440 2ddccLBS1 00102ddc51718MOaBNPHUbPDcHDd2021-08-09eRafael Santosl0p2021-25427r2021-08-09w2021-08-09yLBS1 c50201d50201